| 000 | 00543nam a2200181 i 4500 | ||
|---|---|---|---|
| 001 | 149430 | ||
| 003 | ES-MaACL | ||
| 005 | 20250727164332.0 | ||
| 007 | t| | ||
| 008 | 071022s1949 sp |||| | spa d | ||
| 100 | 1 |
_aVela de Almazán. _9165292 |
|
| 245 | 1 | 0 |
_aAerofotografía / _cComandante Vela de Almazán. |
| 260 |
_aMadrid : _bBiblioteca del Aviador, _c1949. |
||
| 300 |
_aVII, 147 p., 58 lám., : _bil. ; _c21 cm + _e2 plan. |
||
| 650 | 7 |
_aFotografía aérea _2embne _9154991 |
|
| 852 |
_aES-MaACL _jD-5376 |
||
| 999 |
_c149430 _d149430 |
||